<?xml version="1.0" encoding="UTF-8"?>
<record
    xmlns:xsi="http://www.w3.org/2001/XMLSchema-instance"
    xsi:schemaLocation="http://www.loc.gov/MARC21/slim http://www.loc.gov/standards/marcxml/schema/MARC21slim.xsd"
    xmlns="http://www.loc.gov/MARC21/slim">

  <leader>00685nam a22001577a 4500</leader>
  <controlfield tag="003">OSt</controlfield>
  <controlfield tag="005">20150918144047.0</controlfield>
  <controlfield tag="008">150918b        xxu||||| |||| 00| 0 eng d</controlfield>
  <datafield tag="040" ind1=" " ind2=" ">
    <subfield code="c">RUA</subfield>
  </datafield>
  <datafield tag="082" ind1=" " ind2=" ">
    <subfield code="a">AGR SEM 2005 B032 Or.1</subfield>
  </datafield>
  <datafield tag="100" ind1=" " ind2=" ">
    <subfield code="9">770</subfield>
    <subfield code="a">SEM KEOVIRAK</subfield>
  </datafield>
  <datafield tag="245" ind1=" " ind2=" ">
    <subfield code="a">The effect of seeding number on corn yield in kampong leng district,kampong chnag province,(&#x17A5;&#x1791;&#x17D2;&#x1792;&#x17B7;&#x1796;&#x179B;&#x1793;&#x17C3;&#x1785;&#x17C6;&#x1793;&#x17BD;&#x1793;&#x178A;&#x17BE;&#x1798;&#x1791;&#x17C5;&#x179B;&#x17BE;&#x1791;&#x17B7;&#x1793;&#x17D2;&#x1793;&#x1795;&#x179B;&#x1796;&#x17C4;&#x178F;&#x1780;&#x17D2;&#x1793;&#x17BB;&#x1784;&#x179B;&#x17D0;&#x1780;&#x17D2;&#x1781;&#x1781;&#x17D0;&#x178E;&#x17D2;&#x178C;&#x179F;&#x17D2;&#x179A;&#x17BB;&#x1780;&#x200B;&#x1780;&#x17C6;&#x1796;&#x1784;&#x17CB;&#x179B;&#x17C2;&#x1784;&#x200B;&#x1781;&#x17C1;&#x178F;&#x17D2;&#x178F;&#x1780;&#x17C6;&#x1796;&#x1784;&#x17CB;&#x1786;&#x17D2;&#x1793;&#x17C6;&#x17B6;&#x1784;)</subfield>
  </datafield>
  <datafield tag="260" ind1=" " ind2=" ">
    <subfield code="a">phonm penh </subfield>
    <subfield code="b">RUA</subfield>
    <subfield code="c">2005</subfield>
  </datafield>
  <datafield tag="300" ind1=" " ind2=" ">
    <subfield code="a">xii,61p.</subfield>
    <subfield code="c">ill.</subfield>
    <subfield code="g">29cm.</subfield>
  </datafield>
  <datafield tag="942" ind1=" " ind2=" ">
    <subfield code="2">ddc</subfield>
    <subfield code="c">AGR</subfield>
  </datafield>
  <datafield tag="999" ind1=" " ind2=" ">
    <subfield code="c">737</subfield>
    <subfield code="d">737</subfield>
  </datafield>
  <datafield tag="952" ind1=" " ind2=" ">
    <subfield code="0">0</subfield>
    <subfield code="1">0</subfield>
    <subfield code="2">ddc</subfield>
    <subfield code="4">0</subfield>
    <subfield code="6">AGR_SEM_2005_000000000000000_B032_OR_1</subfield>
    <subfield code="7">0</subfield>
    <subfield code="9">3051</subfield>
    <subfield code="a">LBB</subfield>
    <subfield code="b">LBB</subfield>
    <subfield code="c">B032</subfield>
    <subfield code="d">2015-09-18</subfield>
    <subfield code="l">1</subfield>
    <subfield code="o">AGR SEM 2005 B032 Or.1</subfield>
    <subfield code="p">RUA008156</subfield>
    <subfield code="r">2016-08-03</subfield>
    <subfield code="s">2016-07-12</subfield>
    <subfield code="w">2015-09-18</subfield>
    <subfield code="y">AGR</subfield>
  </datafield>
  <datafield tag="952" ind1=" " ind2=" ">
    <subfield code="0">0</subfield>
    <subfield code="1">0</subfield>
    <subfield code="2">ddc</subfield>
    <subfield code="4">0</subfield>
    <subfield code="6">AGR_SEM_2005_000000000000000_B032_OR_2</subfield>
    <subfield code="7">0</subfield>
    <subfield code="9">3052</subfield>
    <subfield code="a">LBB</subfield>
    <subfield code="b">LBB</subfield>
    <subfield code="c">B032</subfield>
    <subfield code="d">2015-09-18</subfield>
    <subfield code="o">AGR SEM 2005 B032 Or.2</subfield>
    <subfield code="p">RUA008515</subfield>
    <subfield code="r">2015-09-18</subfield>
    <subfield code="w">2015-09-18</subfield>
    <subfield code="y">AGR</subfield>
  </datafield>
  <datafield tag="952" ind1=" " ind2=" ">
    <subfield code="0">0</subfield>
    <subfield code="1">0</subfield>
    <subfield code="2">ddc</subfield>
    <subfield code="4">0</subfield>
    <subfield code="6">AGR_SEM_2005_000000000000000_B032_OR_3</subfield>
    <subfield code="7">0</subfield>
    <subfield code="9">3053</subfield>
    <subfield code="a">LBB</subfield>
    <subfield code="b">LBB</subfield>
    <subfield code="c">B032</subfield>
    <subfield code="d">2015-09-18</subfield>
    <subfield code="l">5</subfield>
    <subfield code="o">AGR SEM 2005 B032 Or.3</subfield>
    <subfield code="p">RUA001082</subfield>
    <subfield code="r">2016-07-20</subfield>
    <subfield code="s">2016-07-08</subfield>
    <subfield code="w">2015-09-18</subfield>
    <subfield code="y">AGR</subfield>
  </datafield>
</record>
